BIBLIOTECA

SENCICO

Iníciese en electricidad (simplifyng electricity) : (Registro nro. 651)

Detalles MARC
000 -LEADER
fixed length control field 01076nam a2200241Ia 4500
003 - CONTROL NUMBER IDENTIFIER
control field PE SENCICO BE
005 - DATE AND TIME OF LATEST TRANSACTION
control field 20251020182444.0
008 - FIXED-LENGTH DATA ELEMENTS--GENERAL INFORMATION
fixed length control field 200515s9999 xx 000 0 und d
020 ## - INTERNATIONAL STANDARD BOOK NUMBER
International Standard Book Number 84-267-0071-3
040 ## - CATALOGING SOURCE
Original cataloging agency PE SENCICO BE
Transcribing agency PE SENCICO BE
041 ## - LANGUAGE CODE
Language code of text/sound track or separate title spa
082 ## - DEWEY DECIMAL CLASSIFICATION NUMBER
Classification number 537
Item number S61
100 1# - MAIN ENTRY--PERSONAL NAME
Personal name Smith, Bradley V.
9 (RLIN) 105
245 10 - TITLE STATEMENT
Title Iníciese en electricidad (simplifyng electricity) :
Remainder of title un libro "unifact", método fácil programado /
Statement of responsibility, etc. Bradley V. Smith ; traducido por Angel Arnau Casas
250 ## - EDITION STATEMENT
Edition statement 2a ed.
Remainder of edition statement [2a Reimp.]
260 ## - PUBLICATION, DISTRIBUTION, ETC.
Place of publication, distribution, etc. Barcelona:
Name of publisher, distributor, etc. Marcombo,
Date of publication, distribution, etc. 1974
300 ## - PHYSICAL DESCRIPTION
Extent 147 p.:
Other physical details il. , graf.;
Dimensions 17 cm.
520 ## - SUMMARY, ETC.
Summary, etc. Desarrolla los elementos de la teoría eléctrica de forma paulatina y concisa. Los conceptos son expuestos uno a uno sin mezclarse seguido por un ejemplo y este por preguntas. Estudia, la naturaleza de la electricidad, corrientes eléctricas, circuitos eléc
650 10 - SUBJECT ADDED ENTRY--TOPICAL TERM
Topical term or geographic name entry element Electricidad
9 (RLIN) 106
650 24 - SUBJECT ADDED ENTRY--TOPICAL TERM
Topical term or geographic name entry element ELECTROMAGNESTISMO
9 (RLIN) 107
650 20 - SUBJECT ADDED ENTRY--TOPICAL TERM
Topical term or geographic name entry element Instalaciones eléctricas
9 (RLIN) 108
942 ## - ADDED ENTRY ELEMENTS (KOHA)
Koha item type Libros
Source of classification or shelving scheme Dewey Decimal Classification
Classification part 537
Item part S61
Existencias
Fecha de la última vez que lo usaron Número de ingreso o de inventario Pago total Signatura topográfica completa Código de barras Precio efectivo desde Tipo de documento Estado perdido Sistema de clasificación Estado dañado No es para préstamo Retirado Ubicación permanente Ubicación actual Fecha de adquisición
15/05/2020 531   537/S61 Bib-Lima15050651 15/05/2020 Libros   Dewey Decimal Classification       Biblioteca Central Lima Biblioteca Central Lima 15/05/2020